<?xml version="1.0" encoding="UTF-8"?>
<record
    xmlns:xsi="http://www.w3.org/2001/XMLSchema-instance"
    xsi:schemaLocation="http://www.loc.gov/MARC21/slim http://www.loc.gov/standards/marcxml/schema/MARC21slim.xsd"
    xmlns="http://www.loc.gov/MARC21/slim">

  <leader>02918nam a22001817a 4500</leader>
  <controlfield tag="003">IT-RoPau</controlfield>
  <controlfield tag="005">20220918175936.0</controlfield>
  <controlfield tag="008">121204b        xxu||||| |||| 00| 0 eng d</controlfield>
  <datafield tag="040" ind1=" " ind2=" ">
    <subfield code="c">IT-RoPau</subfield>
  </datafield>
  <datafield tag="100" ind1=" " ind2=" ">
    <subfield code="a">Alberione Giacomo</subfield>
    <subfield code="q">Fondatore Famiglia Paolina</subfield>
    <subfield code="9">19</subfield>
  </datafield>
  <datafield tag="245" ind1=" " ind2=" ">
    <subfield code="a">Per chi sente sete di anime come Ges&#xF9;.</subfield>
    <subfield code="b">Offertorio Paolino composto dal Servo di Dio Don Giacomo Alberione Fondatore Famiglia Paolina ( 1884-1971)</subfield>
  </datafield>
  <datafield tag="250" ind1=" " ind2=" ">
    <subfield code="a">I</subfield>
  </datafield>
  <datafield tag="260" ind1=" " ind2=" ">
    <subfield code="a">Roma</subfield>
    <subfield code="b">SSP</subfield>
    <subfield code="c">1985</subfield>
  </datafield>
  <datafield tag="300" ind1=" " ind2=" ">
    <subfield code="a">110 p.</subfield>
    <subfield code="c">21 cm</subfield>
  </datafield>
  <datafield tag="490" ind1=" " ind2=" ">
    <subfield code="a">Edizioni Archivio Storico Generale Famiglia Paolina</subfield>
    <subfield code="v">I</subfield>
  </datafield>
  <datafield tag="520" ind1=" " ind2=" ">
    <subfield code="a">Indice

Presentazione

INTRODUZIONE
A. Testimonianze
B. Temi biblico-spirituali
     1. La sete
     2. La riparazione
     3. Il sacrificio e l' offerta

IL TESTO

Primo periodo
Secondo periodo
Terzo periodo
Offertorio pastorale
Offertorio vocazionale

COMMMENTO DI DON GIACOMO ALBERIONE

Nota storica
L' Apostolato della preghiera
"Sitio"
I vostri sogni
Quel libro scritto sul Calvario
Le sette" Parole" di Ges&#xF9; in Croce
"Da mihi animas"
Anche a voi coster&#xE0; la vita
Qual' &#xE8; la nostra sete?
Ecco l' ufficio del riparatore
Dissetare Ges&#xF9;
Tutto gli era presente
Il diavolo distrugge - l' apostolo costruisce
La Messa  &#xE8; il Crocifisso
I voti: offerta di s&#xE8;
Venerd&#xEC; Santo
Con le intenzioni di Ges&#xF9;
Ora di adorazione ripatrice
Non di parole, ma di fatti
"Io mi offro"
Il pane della verit&#xE0;
In Lui si uniscono cielo e terra
I peccati causati dalla stampa
"Mi dono, offro e consacro"
Vivere la professione religiosa
Totalmente consacrati
Costruire il regno
Il globo sull' altare
Vittime, cio&#xE8; consacrate
Amare per chi non ama
Sacerdoti e sacrificio
Quell' offerta ripetuta ogni mattina
Offertorio
Omaggio al Padre
Poggiare la giornata sull' Ostia
Preghiera vocazionale
Il sacrificio pi&#xF9; gradito
Tante cattedre contro il Padre Celeste
Sempre maggior sete
Offrire la sofferenza
Riparare pi&#xF9; difficile che fare
Riconquistare
Cuore Paolino
Quaresima :Tempo di riparazione
Il Discepolo riparatore
"Colore riparativo"
"Patire, ma non morire"
Tre maniere di riparare
Al Calvario con il Maria
La Pia Discepola ripatrice
Sacrificare tutto
L' anima della Messa
Il senso della Messa
Non risparmiare nulla
Non trasformare nulla
Trasformare la vita in olocausto
Il nostro altare
Spendersi     

APPENDICI

1 Dall' Enciclica "Miseserntissimus Redemptor"
   (Pio XI, 9 maggio 1928)
   1. Il dovere della riparazione
   2. Efficacia della riparazione
   3. I motivi della riparazione

II Dalla " Sacrarum indulgentiarum recognito"
   (Paolo VI,1 gennaio 1967)

III Allocuzione " Adimpleo", al Sacro Collegio
   in vista dell' anno santo 1983
   ( Giovanni Paolo II, 23 Dicembre 1982)

IV  1. Da "Sacrosantum Concilium" (SC)
      (Concilio Ecumenico Vaticano II)
     2. Da "Lumen Gentium" (LG)
      (Concilio Ecumenico Vaticano II)         
     3. Da "Presbyterorum ordinis" (PO)
       (Concilio Ecumenico Vaticano II)
 </subfield>
  </datafield>
  <datafield tag="942" ind1=" " ind2=" ">
    <subfield code="2">ddc</subfield>
    <subfield code="c">BK</subfield>
  </datafield>
  <datafield tag="999" ind1=" " ind2=" ">
    <subfield code="c">37606</subfield>
    <subfield code="d">37606</subfield>
  </datafield>
  <datafield tag="952" ind1=" " ind2=" ">
    <subfield code="0">0</subfield>
    <subfield code="1">0</subfield>
    <subfield code="2">ddc</subfield>
    <subfield code="4">0</subfield>
    <subfield code="6">P_A6</subfield>
    <subfield code="7">1</subfield>
    <subfield code="a">PAULUS</subfield>
    <subfield code="b">PAULUS</subfield>
    <subfield code="d">2012-12-04</subfield>
    <subfield code="l">0</subfield>
    <subfield code="o">P A6</subfield>
    <subfield code="r">2012-12-04 00:00:00</subfield>
    <subfield code="w">2012-12-04</subfield>
    <subfield code="y">BK</subfield>
  </datafield>
</record>
